Pressure vessel engineering technology,

Saved in:
Bibliographic Details
Other Authors: Nichols, R. W. (Roy Woodward) (ed.)
Format: Book
Language:English
Published: Barking, New York, Elsevier, 1971.
Subjects:
LEADER 00903nam a2200253 4500
001 c000039082
003 CARM
005 00000000000000.0
008 710524s1971 enka b 00100 eng
015 |a B71-04558 
019 1 |a 554599  |5 LACONCORD2021 
020 |a 0444200614 
035 |a (OCoLC)139223  |5 LACONCORD2021 
050 0 0 |a TS283  |b .P73 
245 0 |a Pressure vessel engineering technology,  |c edited by R. W. Nichols. 
260 |a Barking,  |a New York,  |b Elsevier,  |c 1971. 
300 |a xviii, 603 p.  |b illus.  |c 23 cm. 
504 |a Includes bibliographies. 
650 0 |a Pressure vessels. 
700 1 |a Nichols, R. W.  |q (Roy Woodward)  |e ed. 
852 8 |b CARM  |h A2:AB02C0  |i B01955  |p 0084108  |f BK 
082 0 4 |a 660/.283 
999 f f |i ed4962ea-e13a-5f7c-8400-e81079137920  |s 29975f05-e0de-59a5-b79b-fcf920887d74 
952 f f |p Can circulate  |a CAVAL  |b CAVAL  |c CAVAL  |d CARM 1 Store  |e B01955  |f A2:AB02C0  |h Other scheme  |i book  |m 0084108